| 000 | 00623nam a22002177a 4500 | ||
|---|---|---|---|
| 005 | 20220701102432.0 | ||
| 008 | 220701b ||||| |||| 00| 0 eng d | ||
| 020 | _a8187412089 | ||
| 040 | _cAL | ||
| 041 | _aEnglish | ||
| 082 |
_223 _a959.008 _bKAMA |
||
| 100 |
_aNiraj Kamal _946414 |
||
| 245 | _aArise Asia:Respond to White Peril | ||
| 260 |
_aDelhi _bWordsmiths _c2003 |
||
| 300 |
_a414 p. _bPB _c21x13 cm. |
||
| 365 |
_c₹ _d₹590.00 |
||
| 650 |
_aThe Grid:Reference points on a Map _946415 |
||
| 650 |
_aThe Spring:Till the Annexation of Manchuria _946416 |
||
| 700 |
_aKAMAL (Niraj) _946417 |
||
| 942 |
_2ddc _cGF |
||
| 999 |
_c223546 _d223546 |
||